| Tag |
First Indicator |
Second Indicator |
Subfields |
| LEADER |
00000cam a2200000 4500 |
| 001 |
in00000066059 |
| 005 |
20151008051242.0 |
| 008 |
731031s1952 ilu b 00000 eng u |
| 010 |
|
|
|a 52008563
|
| 035 |
|
|
|a (OCoLC)00732471
|
| 035 |
|
|
|9 AAG6761AM
|
| 040 |
|
|
|c KSU
|d TXA
|d UtOrBLW
|
| 049 |
|
|
|a TXAM
|c [220797]
|
| 050 |
0 |
0 |
|a HV1471.C38
|b W4
|
| 092 |
|
|
|a 362.6
|b W445c
|
| 110 |
2 |
|
|a Welfare Council of Metropolitan Chicago.
|b Community Project for the Aged.
|
| 245 |
1 |
0 |
|a Community services for the older people ;
|b the Chicago plan /
|c With a foreword by Ernest W. Burgess.
|
| 264 |
|
1 |
|a Chicago :
|b Wilcox and Follett Co.,
|c [1952]
|
| 300 |
|
|
|a xv, 240 pages :
|b illustrations ;
|c 23 cm.
|
| 336 |
|
|
|a text
|b txt
|2 rdacontent
|
| 337 |
|
|
|a unmediated
|b n
|2 rdamedia
|
| 338 |
|
|
|a volume
|b nc
|2 rdacarrier
|
| 650 |
|
0 |
|a Old age.
|
| 650 |
|
0 |
|a Charities
|z Illinois
|z Chicago.
|
| 999 |
|
|
|a MARS
|
| 999 |
f |
f |
|s f27b7d9e-5425-34e3-9ed9-23903aaa8585
|i b8ad2474-01ac-3b2d-9968-c4923513b09f
|t 0
|
| 952 |
f |
f |
|p ric
|a Texas A&M University
|b Rellis Campus
|c Joint Library Facility
|d Remote Storage
|t 0
|e HV1471.C38 W4
|h Library of Congress classification
|i unmediated -- volume
|m A14800810533
|
| 998 |
f |
f |
|a HV1471.C38 W4
|t 0
|l Remote Storage
|